El Facundo : significante y significado estudio de raíces, influencias y proyecciones /

Kaydedildi:
Detaylı Bibliyografya
Yazar: Pellicer, Jaime O.
Materyal Türü: Bilinmiyor
Dil:Spanish
Baskı/Yayın Bilgisi: Buenos Aires, Argentina : Trilce, 1990.
Konular:
Etiketler: Etiketle
Etiket eklenmemiş, İlk siz ekleyin!

MARC

LEADER 000000000a22000000004500
001 002798
020 |a 9509956600 
041 0 |a spa 
082 0 4 |a 982.05D   |b S246p 
100 1 |a Pellicer, Jaime O. 
245 1 3 |a El Facundo :   |b significante y significado estudio de raíces, influencias y proyecciones /   |c Jaime O. Pellicer. 
260 1 |a Buenos Aires, Argentina :   |b Trilce,   |c 1990. 
300 |a 173 páginas :   |b ilustraciones, retratos 
500 |a Colección George Yúdice 
650 4 |a SARMIENTO, DOMINGO FAUSTINO, 1811-1888. FACUNDO 
999 |c 9153  |d 9153 
942 |c BK  |h 982.05D S246p  |2 z